000 00325 a2200145 4500
001 194759
040 _cMagnum
100 _aHeck, Lenira Almeida
240 1 0 _aO galo Tião e a dinda Raposa
_lpor
245 1 0 _aO galo Tião e a dinda Raposa
300 _a40
362 0 _a2004
697 _aLITERATURA GERAL
942 _cBK
999 _c194759
_d194759